| 000 | 01222nam a22002775i 4500 | ||
|---|---|---|---|
| 001 | 160810 | ||
| 003 | ES-MaACL | ||
| 005 | 20250831063041.0 | ||
| 008 | 990519s1882 sp ab |||| | spa d | ||
| 040 |
_aCCPB | B _bspa _cCCPB | B |
||
| 080 | _a910 | ||
| 100 | 1 |
_aNovo y Colson, Pedro de, _d1846-1931 _986091 |
|
| 245 | 1 | 0 |
_aHistoria de las exploraciones árticas hechas en busca del paso del nordeste / _cpor Pedro de Novo y Colson. |
| 250 | _a2ª ed. | ||
| 260 |
_aMadrid : _b[s.n.], _c1882 ( _fImp. de Fortanet) |
||
| 300 |
_aXIII, 260 p., [1] h. de map. pleg. : _bil. ; _c24 cm. |
||
| 599 | _aEl mapa pleg. lit.: "Osler. aut.º, Lit. Vda de Roldan" | ||
| 599 | _a1 h. de lám. lit.: "A. Carpeter", retrato de Nordenskiöld. | ||
| 599 | _ail.: una carta autógrafa precede al prólogo. | ||
| 600 | 1 | 4 |
_aNordenskiöld, Adolf Erik ( _d1832-1901) _9130521 |
| 650 | 7 |
_aExploradores _2embne _9174369 |
|
| 651 | 4 |
_aRegiones árticas- _xDescubrimientos y exploraciones. _99304 |
|
| 651 | 4 |
_aPaso del Nordeste- _xDescubrimientos y exploraciones. _9144566 |
|
| 852 |
_aES-MaACL _jG-13630 _z. - Enc. hol. _z. - Dedicatoria autógrafa de José Rodríguez Mourelo, al Ateneo de Madrid |
||
| 999 |
_c160810 _d160810 |
||